| 000 | 01007nam a22002537a 4500 | ||
|---|---|---|---|
| 005 | 20180224103738.0 | ||
| 010 | _a1617EN ENG-120361 | ||
| 020 |
_a9789351710745 _c1995.00 |
||
| 035 | _aB-647979-986 | ||
| 035 | _aB-664854 | ||
| 035 | _aEN-103893 | ||
| 037 |
_aDPL _bM.M.L |
||
| 037 | _bDBAD/PUB | ||
| 082 | _a921 | ||
| 100 | _aReddy, K. Damodara | ||
| 245 |
_aIndira Gandhi : _c by K. Damodara Reddy _ba comprehensive political biography / |
||
| 260 |
_aNew Delhi _bResearch India Press _c2016 |
||
| 270 |
_aE-6/34, Sangam Vihar, _bNew Delhi _e110062 |
||
| 300 |
_a513p. _b22cm(Hb) |
||
| 500 | _aIncludes bibliographical reference | ||
| 942 |
_2ddc _cEN _mRED _h921 |
||
| 999 |
_c102289 _d102289 |
||